| 000 | 00659nam a2200253Ia 4500 | ||
|---|---|---|---|
| 001 | 43983 | ||
| 005 | 20240114003611.0 | ||
| 007 | ta | ||
| 008 | 170608s1974 ii g b000 u asm u | ||
| 020 | _cPB | ||
| 040 | _aCotton College,Assam | ||
| 041 | _aasm | ||
| 082 |
_a538 _bK 123 ST |
||
| 100 | _aKakati , Kandarpa Kumar . | ||
| 245 | 0 |
_aPhysics Electricity and Magnetism / _cKandarpa Kumar Kakati. _hTextual Documents |
|
| 250 | _a1st ed / | ||
| 260 |
_aGuwahati : _bGauhati University , _c1974. |
||
| 300 |
_a159 ; _c23cm. |
||
| 653 | _aPhysics | ||
| 653 | _aT/G- Physics | ||
| 942 |
_2ddc _cBK |
||
| 999 |
_c43949 _d43949 |
||